<?xml version="1.0" encoding="UTF-8"?>
<record
    xmlns:xsi="http://www.w3.org/2001/XMLSchema-instance"
    xsi:schemaLocation="http://www.loc.gov/MARC21/slim http://www.loc.gov/standards/marcxml/schema/MARC21slim.xsd"
    xmlns="http://www.loc.gov/MARC21/slim">

  <leader>00571nam a2200145Ia 4500</leader>
  <controlfield tag="008">100204s9999    xx            000 0 und d</controlfield>
  <datafield tag="082" ind1=" " ind2=" ">
    <subfield code="b">14943</subfield>
  </datafield>
  <datafield tag="100" ind1=" " ind2=" ">
    <subfield code="a">&#x91F;&#x93F;&#x915;&#x947;&#x915;&#x930;    &#x91A;&#x902;&#x926;&#x94D;&#x930;&#x94D;&#x930;&#x938;&#x947;&#x928;</subfield>
  </datafield>
  <datafield tag="245" ind1=" " ind2=" ">
    <subfield code="a">1&#x92A;&#x94D;&#x930;&#x936;&#x94D;&#x928;&#x94B;&#x924;&#x94D;&#x924;&#x930; &#x917;&#x923;&#x915;&#x92F;&#x902;&#x924;&#x94D;&#x930;</subfield>
  </datafield>
  <datafield tag="260" ind1=" " ind2=" ">
    <subfield code="b">"&#x92E;&#x947;&#x939;&#x924;&#x93E;   &#x92A;&#x92C;&#x94D;&#x932;&#x93F;&#x936;&#x93F;&#x902;&#x917;   &#x939;&#x93E;&#x90A;&#x938;  ,  &#x92A;&#x941;&#x923;&#x947;"</subfield>
    <subfield code="c">1991</subfield>
  </datafield>
  <datafield tag="300" ind1=" " ind2=" ">
    <subfield code="a">47</subfield>
  </datafield>
  <datafield tag="630" ind1=" " ind2=" ">
    <subfield code="a">1&#x92A;&#x94D;&#x930;&#x936;&#x94D;&#x928;&#x94B;&#x924;&#x94D;&#x924;&#x930; &#x917;&#x923;&#x915;&#x92F;&#x902;&#x924;&#x94D;&#x930;</subfield>
  </datafield>
  <datafield tag="730" ind1=" " ind2=" ">
    <subfield code="a">1&#x92A;&#x94D;&#x930;&#x936;&#x94D;&#x928;&#x94B;&#x924;&#x94D;&#x924;&#x930; &#x917;&#x923;&#x915;&#x92F;&#x902;&#x924;&#x94D;&#x930;</subfield>
  </datafield>
  <datafield tag="942" ind1=" " ind2=" ">
    <subfield code="c">BOOK</subfield>
  </datafield>
  <datafield tag="999" ind1=" " ind2=" ">
    <subfield code="c">459374</subfield>
    <subfield code="d">459371</subfield>
  </datafield>
  <datafield tag="952" ind1=" " ind2=" ">
    <subfield code="0">0</subfield>
    <subfield code="1">1</subfield>
    <subfield code="4">0</subfield>
    <subfield code="7">0</subfield>
    <subfield code="a">NCKMULUND</subfield>
    <subfield code="b">NCKMULUND</subfield>
    <subfield code="d">2010-02-04</subfield>
    <subfield code="g">25.00</subfield>
    <subfield code="l">0</subfield>
    <subfield code="o">14943</subfield>
    <subfield code="p">NCKMULUND-14943</subfield>
    <subfield code="r">2010-02-04 00:00:00</subfield>
    <subfield code="v">25.00</subfield>
    <subfield code="w">2010-02-04</subfield>
    <subfield code="y">BOOK</subfield>
    <subfield code="z">1)&#x917;&#x939;&#x93E;&#x933;</subfield>
  </datafield>
</record>
